| 000 | 00555nam a2200157 i 4500 | ||
|---|---|---|---|
| 001 | 146523 | ||
| 003 | ES-MaACL | ||
| 005 | 20230906201552.0 | ||
| 007 | t| | ||
| 008 | 070911s1922 sp ||||1| spa d | ||
| 100 | 1 |
_aTortosa, Diego. _9111082 |
|
| 245 | 1 | 0 |
_aOración fúnebre que en las... exequias celebradas el 1º de febrero de 1922 en la iglesia parroquial de San José, de Madrid, por S.S. El Papa Benedicto XV / _cDiego Tortosa. |
| 260 |
_aMadrid : _b[s.n.], _c1922 ( _fImp. Clásica) |
||
| 300 |
_a32 p. ; _c22 cm. |
||
| 852 |
_aES-MaACL _j1638-F-7 |
||
| 999 |
_c146523 _d146523 |
||